| 000 | 01506nam a2200337 c 4500 | ||
|---|---|---|---|
| 003 | BLK | ||
| 005 | 20180422112302.0 | ||
| 008 | 180409b bul|||||r ||||||| ||bul|| | ||
| 010 | _aKNG00146621000 | ||
| 040 | _aBLK | ||
| 041 |
_aBUL _cBUL |
||
| 080 |
_aБългарска литература _b821.163.2 _x-93-32 _z821.163.2-93-32 |
||
| 100 | 1 |
_aКалчев, Камен _eпърви автор _gКалчев, Петър Митев _9367490 |
|
| 700 | 1 |
_aПоплилов, Александър Йончев _eил. _9379349 |
|
| 700 | 1 |
_aКалчев, Петър Митев _e* _9317810 |
|
| 139 |
_aКалчев, Камен _bК 20 |
||
| 245 | 1 | 0 |
_aИмането _bРазказ за деца : За нач. училищна възраст _cКамен Калчев; ил. Александър Йончев Поплилов; * Петър Митев Калчев. |
| 250 | _a2. изд. | ||
| 257 | _aBGR | ||
| 260 |
_аСофия _bБълг. художник _c1983 |
||
| 300 |
_a16 с. _bс цв. ил. _c31 см |
||
| 380 | _aDX | ||
| 500 | _aИстинското име на авт. е Петър Митев Калчев. - 1. изд. 1967. - Кор. опис. - 40 120 тир. | ||
| 653 | _aдетска литература | ||
| 653 | _aлитература за деца | ||
| 852 | _aЦб ІІ 18350 | ||
| 856 | 4 |
_qpdf _u |
|
| 856 | 4 |
_qpdf _u |
|
| 942 |
_cKNG _n0 |
||
| 944 |
_aCR _c19.07.2013 _l19.07.2013 - от С1,Р / 19.07.2013 _kРадинела_Гицова |
||
| 944 |
_aED _c19.07.2013 _l19.07.2013 - от С1,Р / 19.07.2013 _k |
||
| 999 |
_c140554 _d140554 |
||